000 01344nam a2200241 i 4500
001 156706
003 ES-MaACL
005 20251015063140.0
008 991104m18831884fr |||| | fre d
040 _aEUS
_bspa
_cEUS
100 1 _aLa Fontaine, Jean de,
_d1621-1695
_969147
245 1 0 _aOeuvres de J. de la Fontaine
_b: tome premier [-tome troisième].
250 _aNouvelle édition
_brevue... et augmentée de variantes, de notices... par M. Henri Regnier.
260 _aParis :
_bLibrairie Hachette et C\pie\s...,
_c1883-1884 (
_fImprimerie A. Lahure)
300 _a3 v. ([3] h., [7], CCXXIV, 471 p.; [3], [III], 524 p.; [3] h., 429 p.) ;
_c23 cm.
593 _aEncabezamiento completado con: Enciclopedia universal ilustrada europeo-americana, t. XIX, p. 241.
595 _aDatos de ed. preceden a mención de parte.
596 _aColofón.
597 _aSignaturizado.
597 _aAntep.
852 _aES-MaACL
_jF-6832-6842
_z-- Enc. hol. y t.IX enc. pasta española
_x-- Edic.: 1883-1992 -- 11 v. -- T.I (1883), T.II (1884), T.III (1885), T.IV (1887) (III, 580 p.), T.V (1889) (628 p.), T.VI (1890) (374 p.), T.VII (1891) (628 p.), T.VIII (1892) (511 p.), T.IX (1892) (531 p.), T.X (1892) (CLXVII, 499 p.), T.XI (1892) (462 p.) -- Los t.X-XI son los 2 v. del "Lexique de la langue"
999 _c156706
_d156706